| 000 | 00812nam a22001817a 4500 | ||
|---|---|---|---|
| 005 | 20120310102321.0 | ||
| 020 |
_c110.00 _a817137543x |
||
| 035 | _aB-226763 | ||
| 037 |
_b _adpl |
||
| 082 | _a301 | ||
| 100 |
_aसिंघी, नरेन्द्र कुमार _943681 |
||
| 245 | 1 |
_aसमाजशास्त्र विवेचन / _cनरेन्द्र कुमार सिंघी |
|
| 260 |
_aजयपुर _bराजस्थान हिन्दी ग्रन्थ अकादमी _c2006 |
||
| 270 |
_a _b _e _k |
||
| 300 |
_a448पृ. _c22सेमी (अजिल्द) |
||
| 942 |
_adpl _cHN _k _2ddc _h301 _mसिंघीन |
||
| 999 |
_c63942 _d63942 |
||